<?xml version="1.0" encoding="UTF-8"?><?xml-stylesheet type="text/xsl" href="static/style.xsl"?><OAI-PMH xmlns="http://www.openarchives.org/OAI/2.0/" xmlns:xsi="http://www.w3.org/2001/XMLSchema-instance" xsi:schemaLocation="http://www.openarchives.org/OAI/2.0/ http://www.openarchives.org/OAI/2.0/OAI-PMH.xsd"><responseDate>2026-04-27T19:44:30Z</responseDate><request verb="GetRecord" identifier="oai:uvadoc.uva.es:10324/48165" metadataPrefix="marc">https://uvadoc.uva.es/oai/request</request><GetRecord><record><header><identifier>oai:uvadoc.uva.es:10324/48165</identifier><datestamp>2024-12-16T09:59:30Z</datestamp><setSpec>com_10324_38</setSpec><setSpec>col_10324_852</setSpec></header><metadata><record xmlns="http://www.loc.gov/MARC21/slim" xmlns:doc="http://www.lyncode.com/xoai" xmlns:xsi="http://www.w3.org/2001/XMLSchema-instance" xmlns:dcterms="http://purl.org/dc/terms/" xsi:schemaLocation="http://www.loc.gov/MARC21/slim http://www.loc.gov/standards/marcxml/schema/MARC21slim.xsd">
<leader>00925njm 22002777a 4500</leader>
<datafield tag="042" ind1=" " ind2=" ">
<subfield code="a">dc</subfield>
</datafield>
<datafield tag="720" ind1=" " ind2=" ">
<subfield code="a">Paz Gutiérrez, Juan de</subfield>
<subfield code="e">author</subfield>
</datafield>
<datafield tag="260" ind1=" " ind2=" ">
<subfield code="c">2021</subfield>
</datafield>
<datafield tag="520" ind1=" " ind2=" ">
<subfield code="a">La aterosclerosis es una condición progresiva y crónica, en la que intervienen diferentes factores genéticos y ambientales que interactúan y alimentan el crecimiento de la placa de ateroma a lo largo de los años. Pese a que existen numerosos estudios, la mayoría evalúa los factores implicados en el desarrollo de esta condición con el paciente en estado de ayunas. Sin embargo, los estudios más actuales se enfocan en destacar el estado postprandial como el periodo clave en el que suceden los principales cambios que caracterizan esta condición. En este trabajo, se han evaluado y recogido los mecanismos que explican los cambios que intervienen en el desarrollo de la aterosclerosis en el estado postprandial y los diferentes factores que modulan la respuesta a la ingesta, con el objetivo de conocer que intervenciones podrían reducir la progresión de la aterosclerosis.</subfield>
</datafield>
<datafield tag="024" ind2=" " ind1="8">
<subfield code="a">https://uvadoc.uva.es/handle/10324/48165</subfield>
</datafield>
<datafield ind1=" " ind2=" " tag="653">
<subfield code="a">Nutrición</subfield>
</datafield>
<datafield ind1=" " ind2=" " tag="653">
<subfield code="a">Enfermedades de la nutrición</subfield>
</datafield>
<datafield tag="245" ind1="0" ind2="0">
<subfield code="a">La Aterosclerosis y el estado postprandial</subfield>
</datafield>
</record></metadata></record></GetRecord></OAI-PMH>